Central Library OPAC University of Rajshahi

Law Dictionary / (Record no. 59264)

MARC details
000 -LEADER
fixed length control field 00638nam a2200229 a 4500
001 - CONTROL NUMBER
control field 59264
003 - CONTROL NUMBER IDENTIFIER
rucl marc code BD-RjUL
005 - DATE AND TIME OF LATEST TRANSACTION
control field 20250825132521.0
008 - FIXED-LENGTH DATA ELEMENTS--GENERAL INFORMATION
fixed length control field 161222r20031976bg ||||| |||| 00| 0 eng d
020 ## - INTERNATIONAL STANDARD BOOK NUMBER
Terms of availability : Tk. 300.00
035 ## - SYSTEM CONTROL NUMBER
System control number (BD-RjUL)59388
040 ## - CATALOGING SOURCE
Original cataloging agency BD-RjUL
Language of cataloging eng
Transcribing agency BD-RjUL
041 ## - LANGUAGE CODE
Language code of text/sound track or separate title eng
082 ## - DEWEY DECIMAL CLASSIFICATION NUMBER
Edition number 23
Classification number 340.03
Author mark and year RAL 2003
100 ## - MAIN ENTRY--PERSONAL NAME
Personal name Rahman, Ghazi Shamsur
9 (RLIN) 176559
245 10 - TITLE STATEMENT
Title Law Dictionary /
Statement of responsibility, etc. Ghazi Shamsur Rahman
250 ## - EDITION STATEMENT
Edition statement 1st. ed.
260 ## - PUBLICATION, DISTRIBUTION, ETC. (IMPRINT)
Place of publication, distribution, etc. Dhaka :
Name of publisher, distributor, etc. Kamrul Book House,
Date of publication, distribution, etc. 1976 [Reprint 2003]
300 ## - PHYSICAL DESCRIPTION
Pagination [8], 427p.;
Size 22 cm.
650 ## - SUBJECT ADDED ENTRY--TOPICAL TERM
Topical term or geographic name as entry element Law
Geographic subdivision Bangladesh
Form subdivision Dictionaries.
9 (RLIN) 176816
942 ## - ADDED ENTRY ELEMENTS (KOHA)
Source of classification or shelving scheme Dewey Decimal Classification
Koha item type Books
Holdings
Lost status Source of classification or shelving scheme Damaged status Not for loan Permanent Location Current Location Shelving location Date acquired Source of acquisition Cost, normal purchase price Full call number Date last seen Copy number Koha item type Total Checkouts
  Dewey Decimal Classification   Not For Loan Central Library, University of Rajshahi Central Library, University of Rajshahi Reference 28/11/2004 Dhaka, Kamrul Book House 300.00 R 340.03 RAL 2003 22/12/2016 C-1 Books  
  Dewey Decimal Classification   Not For Loan Central Library, University of Rajshahi Central Library, University of Rajshahi Reference 28/11/2004 Dhaka, Kamrul Book House 300.00 R 340.03 RAL 2003 25/08/2025 C-2 Books  
  Dewey Decimal Classification   Not For Loan Central Library, University of Rajshahi Central Library, University of Rajshahi Reference 28/11/2004 Dhaka, Kamrul Book House 300.00 R 340.03 RAL 2003 25/08/2025 C-3 Books  
  Dewey Decimal Classification   Not For Loan Central Library, University of Rajshahi Central Library, University of Rajshahi Reference 28/11/2004 Dhaka, Kamrul Book House 300.00 R 340.03 RAL 2003 25/08/2025 C-4 Books